=LDR 00000nam 2200000 4500 =001 INLIS000000000049512 =005 20170224144829.0 =006 =007 =008 =020 ##$$a 979-1698-045-94-7 =035 ##$$0010-021700000000304 =040 ##$$a NBPDMAT =082 ##$$a 899.221 3 =090 ##$$a 899.221 3 $bPao m =100 ##$$a Paox Iben Mudhaffar =245 ##$$a Medulla sinculasia $b : Suatu hari di bulan Desember (sebuah novel) $c / Paox Iben Mudhaffar =250 ##$$a Cet. 1 =260 ##$$a Mataram $b Institut Rumah Arus $c 2011 =300 ##$$a viii, 324 hlm. ; $c 18 cm =500 ##$$a Biografi hlm : 324 =650 ##$$a Fiksi - Indonesia =850 ##$$a NBPDMAT =990 ##$$a 21605496 =990 ##$$a 21605497 =990 ##$$a 21605498 =990 ##$$a 21605499